000 00404nam a2200145Ia 4500
999 _c58252
_d58249
082 _aR/6IT12
100 _aAdeel Riaz Memon
100 _aRoll No. 12BS(IT)57
100 _aSupervisor - Prof. Dr. Zahid Hussain Abro
245 0 _aInfo Visualization for Statistical Data
260 _aNawabshah
_bQUEST
_c2016
300 _a88p
700 _aUmair Ramzan Shaikh (Roll No. 12BS(IT)20)
942 _cTHESIS